Statistics for Official Languages of the World: Tile Select Quiz

Click here to take the quiz!

General Stats

  • This quiz has been taken 29 times
    (9 since last reset)
  • The average score is 48 of 60

Answer Stats

QuestionTileSelect% Correct
countries with English as an official languageIrelandYes
100%
countries with English as an official languageMyanmarNo
100%
countries with English as an official languageNepalNo
100%
countries with Portuguese as an official languageAngolaYes
89%
countries with Arabic as an official languageBahrainYes
89%
countries with English as an official languageBangladeshNo
89%
countries with Spanish as an official languageBoliviaYes
89%
countries with French as an official languageCanadaYes
89%
countries with Portuguese as an official languageCape VerdeYes
89%
countries with Spanish as an official languageColombiaYes
89%
countries with Spanish as an official languageDominican RepublicYes
89%
countries with Portuguese as an official languageEast TimorYes
89%
countries with English as an official languageEgyptNo
89%
countries with Arabic as an official languageEgyptYes
89%
countries with Portuguese as an official languageGambiaNo
89%
countries with English as an official languageGuyanaYes
89%
countries with French as an official languageHaitiYes
89%
countries with Spanish as an official languageHondurasYes
89%
countries with Arabic as an official languageIraqYes
89%
countries with English as an official languageKenyaYes
89%
countries with Spanish as an official languageMauritiusNo
89%
countries with Portuguese as an official languageNicaraguaNo
89%
countries with Arabic as an official languageNigerNo
89%
countries with French as an official languageNigerYes
89%
countries with Spanish as an official languageParaguayYes
89%
countries with Portuguese as an official languageSao Tome and PrincipeYes
89%
countries with Arabic as an official languageSudanYes
89%
countries with French as an official languageSyriaNo
89%
countries with French as an official languageUgandaNo
89%
countries with Portuguese as an official languageUruguayNo
89%
countries with Spanish as an official languageAndorraNo
78%
countries with Portuguese as an official languageCameroonNo
78%
countries with Spanish as an official languageCape VerdeNo
78%
countries with French as an official languageChadYes
78%
countries with Portuguese as an official languageGuineaNo
78%
countries with Portuguese as an official languageGuinea-BissauYes
78%
countries with Spanish as an official languageHaitiNo
78%
countries with Arabic as an official languageIranNo
78%
countries with Arabic as an official languageMaliNo
78%
countries with Arabic as an official languageMauritaniaYes
78%
countries with Arabic as an official languageMoroccoYes
78%
countries with Portuguese as an official languageMozambiqueYes
78%
countries with Arabic as an official languagePakistanNo
78%
countries with English as an official languagePakistanYes
78%
countries with English as an official languagePapua New GuineaYes
78%
countries with Arabic as an official languageTurkeyNo
78%
countries with French as an official languageVanuatuYes
78%
countries with French as an official languageVietnamNo
78%
countries with Arabic as an official languageAfghanistanNo
67%
countries with Spanish as an official languageBelizeNo
67%
countries with Portuguese as an official languageComorosNo
67%
countries with Spanish as an official languageDominicaNo
67%
countries with English as an official languageIsraelNo
67%
countries with French as an official languageSaint LuciaNo
67%
countries with English as an official languageSierra LeoneYes
67%
countries with French as an official languageTunisiaNo
67%
countries with Spanish as an official languageEquatorial GuineaYes
56%
countries with English as an official languageMalaysiaNo
56%
countries with French as an official languageRwandaYes
56%
countries with French as an official languageMaliNo
33%

Score Distribution

Percentile by Number Answered

Percent of People with Each Score

Your Score History

You have not taken this quiz since the last reset